Generácie x, y, z a ich správanie sa na trhu práce

Charakteristika jednotlivých generácií pôsobiacich a rozčlenených v spoločnosti podľa roku narodenia. Popis vybraných generácií, ich charakteristické správanie sa na trhu práce. Následne bližšie porovnávanie generácie X s generáciou Y, s odporúčaním ako ich možno motivovať k lepšiemu pracovnému výk...

Descripción completa

Guardado en:
Detalles Bibliográficos
Autor principal: Danková, Lenka, 1993-
Formato: Capítulo de libro
Lenguaje:inglés
Materias:
Etiquetas: Agregar Etiqueta
Sin Etiquetas, Sea el primero en etiquetar este registro!

MARC

LEADER 00000nla a2200000 4500
001 0247737
005 20240502073950.5
041 0 |a eng 
044 |a SK 
245 1 0 |a Generácie x, y, z a ich správanie sa na trhu práce  |c Lenka Danková 
520 |a Charakteristika jednotlivých generácií pôsobiacich a rozčlenených v spoločnosti podľa roku narodenia. Popis vybraných generácií, ich charakteristické správanie sa na trhu práce. Následne bližšie porovnávanie generácie X s generáciou Y, s odporúčaním ako ich možno motivovať k lepšiemu pracovnému výkonu. 
610 2 0 |a trh práce 
610 2 0 |a generácie 
610 2 0 |a mládež 
610 2 0 |a zdroje ľudské 
610 2 0 |a motivácia 
610 2 0 |a motivácia pracovná 
100 1 |a Danková, Lenka, 1993-